Fußball: Die Bedeutung von Vereinsnamen - Statistiken

Allgemein
  • Dieses Quiz wurde 338 mal gespielt
  • Das Durchschnittsergebnis liegt bei 8 aus 16
Antwortstatistiken
Hinweis Verein % Korrekt
Der niederländische Rekordmeister trägt seit 1894 einen Helden des Trojanischen Kriegs im Namen Ajax Amsterdam
81%
Eine Reihe bekannter deutscher Vereine (davon zwei, die zusammengerechnet 13mal Meister wurden) teilen sich diese neulateinische Bezeichnung für "Preußen" Borussia Dortmund, Mönchengladbach u. a.
80%
Der Verein wurde im Ersten Weltkrieg von polnischen Legionen gegründet und spielt seit 1916 in der Hauptstadt Legia Warschau
79%
Der italienische Verein, der 2024 die Europa League gewann, benannte sich nach einer Jägerin aus der griechischen Mythologie Atalanta Bergamo
73%
Als die beiden italienischen Vereine SG Sampierdarenese und SG Andrea Doria 1946 fusionierten, wählten sie als neuen Namen ein Kofferwort aus den alten Namen Sampdoria Genua
68%
Der englische Verein hat seinen Ursprung in einem Cricket-Club, der sich immer an einem bestimmten Wochentag zum Spielen traf Sheffield Wednesday
57%
Der Club aus dem Süden Londons wurde nach einem beeindruckenden Gebäude aus Glas benannt, das für die Weltausstellung 1851 errichtet wurde und schon lange nicht mehr existiert Crystal Palace
52%
Der 1911 gegründete kroatische Verein wurde nach bandenmäßig organisierten Gesetzlosen aus der osmanischen Zeit benannt Hajduk Split
46%
Der 1945 gegründete Europapokalsieger der Landesmeister von 1991 trägt noch heute das Symbol des Kommunismus in seinem Namen und in seinem Wappen Roter Stern Belgrad
46%
Der Name dieses vielfachen ukrainischen Meisters bedeutet "Bergmann" und bezieht sich auf den in der Region Donbass traditionell wichtigen Bergbau Schachtar Donezk
42%
Der Name des Vereins aus der zweitgrößten Stadt Norwegens bedeutet "Feuer" oder "Brand" Brann Bergen
27%
Der 1914 in der bulgarischen Hauptstadt gegründete Club wurde nach einem Freiheitskämpfer während der osmanischen Besatzungszeit benannt Lewski Sofia
25%
Der Verein aus Edinburgh wurde nach einem Tanzsaal in der Stadt benannt, der seinen Namen wiederum von einem Roman von Walter Scott erhielt Heart of Midlothian
23%
Der Club aus der französischen Schweiz bildete seinen Namen aus dem Vornamen und Spitznamen seines Mitgründer Max Abegglen. Neuchâtel Xamax
20%
Der Club aus der tschechischen Hauptstadt gab sich für eine Australienreise in den 1920er Jahren einen englischen Namen und machte ein Känguru zu seinem Wappentier Bohemians Prag
19%
Der Name dieses Vereins aus dem nordspanischen Galicien trägt den Ureinwohnern dieser Region Rechnung Celta Vigo
16%
Keine übereinstimmenden Quizze gefunden
Verteilung der Resultate
Anzahl Personen mit jedem Resultat
Perzentil nach korrekt beantworteten Fragen
Ihre Resultats-Entwicklung
Sie haben dieses Quiz noch nicht gespielt